Historia de un muñeco que quería ser niño / (Registro nro. 7749)
[ vista simple ]
| 000 -LIDER | |
|---|---|
| fixed length control field | 00952nam a2200289 a 4500 |
| 001 - NÚMERO DE CONTROL | |
| Identificador de número de control | 000045230 |
| 003 - IDENTIFICACDOR DE NÚMERO DE CONTROL | |
| control field | DO-SdBNP |
| 005 - DATE AND TIME OF LATEST TRANSACTION | |
| control field | 20180327113657.0 |
| 007 - CAMPOS FIJOS DE DESCRIPCIÓN FÍSICA | |
| fixed length control field | 000045230 |
| 008 - ELEMENTOS DE LONGITUD FIJA | |
| fixed length control field | 150212s2011 dr a 000 0 spa d |
| 020 ## - ISBN | |
| International Standard Book Number | 9789945460780 |
| 040 ## - FUENTE DE CATALOGACIÓN | |
| Agencia que crea de manera original el registro | BPMSU |
| Idioma de catalogación | spa |
| Agencia que realiza la transcripción | BPMSU |
| 092 ## - LOCALLY ASSIGNED DEWEY DECIMAL CALL NUMBER | |
| Número de clasificación | xxxx |
| Número de ítem (Cutter) | xxxx |
| 100 1# - ASIENTO PRINCIPAL -- NOMBRE PERSONAL | |
| Nombre personal | Valdez, Diógenes, |
| Fechas asociadas con el nombre | 1941- |
| 245 10 - MENCIÓN DE TITULO | |
| Título | Historia de un muñeco que quería ser niño / |
| Mención de responsabilidad | Diógenes Valdez ; ilustraciones Marcial Báez. |
| 260 ## - PUBLICACIÓN, DISTRIBUCIÓN, ETC. (PIE DE IMPRENTA) | |
| Lugar de publicación, distribución, etc | Santo Domingo : |
| Nombre del editor, distribuidor, etc. | Santuario, |
| Fecha de publicación, distribución, etc | 2011. |
| 300 ## - DESCRIPCIÓN FÍSICA | |
| Extensión | 41 p. : |
| Otros detalles físicos | il. ; |
| Dimensiones | 22 cm. |
| 490 1# - MENCIÓN DE SERIES | |
| Mención de serie | Santuario infantil |
| 500 ## - NOTA GENERAL | |
| Nota general | Incluye datos biográficos del autor en la solapa de la cubierta. |
| 700 12 - ASIENTO SECUNDARIO -- NOMBRE PERSONAL | |
| Nombre personal | Báez, Marcial, |
| Mención de responsabilidad | il. |
| 830 #0 - ASIENTO SECUNDARIO DE SERIE--TÍTULO UNIFORME | |
| Título uniforme | Santuario infantil |
| 942 ## - ADDED ENTRY ELEMENTS (KOHA) | |
| Source of classification or shelving scheme | Dewey Decimal Classification |
| Koha item type | Libros |
| 945 ## - INFORMACIÓN DE PROCESAMIENTO LOCAL | |
| Información de procesamiento local | Remanejado para la BNPHU/ 2018 VM |
| 956 ## - LOCAL ELECTRONIC LOCATION AND ACCESS (OCLC) | |
| Nombre de host | DGARCIA |
| Número de acceso | 10 |
| Información de compresión | 20150212 |
| Inicio de sesión | BND01 |
| Procesador de solicitud | 1055 |
| 956 ## - LOCAL ELECTRONIC LOCATION AND ACCESS (OCLC) | |
| Nombre de host | LOPEREZ |
| Número de acceso | 10 |
| Información de compresión | 20150219 |
| Inicio de sesión | BND01 |
| Procesador de solicitud | 0950 |
| 956 ## - LOCAL ELECTRONIC LOCATION AND ACCESS (OCLC) | |
| Nombre de host | VMATEO |
| Número de acceso | 10 |
| Información de compresión | 20150429 |
| Inicio de sesión | BMET02 |
| Procesador de solicitud | 00151 |
| Withdrawn status | Lost status | Source of classification or shelving scheme | Damaged status | Not for loan | Home library | Current library | Date acquired | Total Checkouts | Barcode | Date last seen | Price effective from | Koha item type |
|---|---|---|---|---|---|---|---|---|---|---|---|---|
| Dewey Decimal Classification | Biblioteca Pública Metropolitana Salomé Ureña | Biblioteca Pública Metropolitana Salomé Ureña | 04/29/2015 | BPMET15041448 | 04/29/2015 | 04/29/2015 | Libros |